Statistics for Countries Jaroslaw Kaczynski has visited

Click here to take the quiz!

General Stats

  • This quiz has been taken 30 times
  • The average score is 10 of 15

Answer Stats

ContinentCountry% Correct
EuropeUnited Kingdom
96%
EuropeGermany
92%
North AmericaUnited States of America
88%
EuropeUkraine
79%
EuropeBelgium
75%
EuropeSlovakia
75%
EuropeItaly
71%
EuropeHungary
67%
EuropeLithuania
67%
Europethe Netherlands
63%
EuropeDenmark
50%
EuropeFinland
46%
EuropeVatican City
42%
EuropePortugal
38%
AsiaIraq
13%

Score Distribution

Percentile by Number Answered

Percent of People with Each Score

Your Score History

You have not taken this quiz